PC Stands For This - Statistics

General Stats
  • This quiz has been taken 33 times
    18 since last reset
  • The average score is 11 of 50
Answer Stats
Hint Answer % Correct
Not a Mac Personal Computer
92%
California's Western Border Pacific Coast
69%
Culturally Sensitive Politically Correct
62%
Steve Jobs Died From This Pancreatic Cancer
54%
Take This Off For a While, and the Ink Dries Out Pen Cap
54%
Per 1,000 People Per Capita
54%
Capital of Panama Panama City
46%
Name of Former Soda Giant Pepsi-Cola
46%
4 of These Happened on 9/11 Plane Crash
46%
The Stereotypical Prince Name Prince Charming
46%
Tweety Bird is trying to say, " I thought I saw a _____ ___." Pussy Cat
46%
Predominantly Made by Lay's Potato Chips
38%
Narnia Book Prince Caspian
38%
Nececarry for Firefighters and People Who Work with Radioactive Materials Protective Clothing
38%
Hispanic Actress Penelope Cruz
31%
In the Air Tonight Phil Collins
31%
Pine Tree Seed Pine Cone
31%
Popular Things in the Media Pop Culture
31%
Piece of Metal Used to Attach Things to Each Other Paper Clip
23%
Children's Book Rabbit Peter Cottontail
23%
Another Type of Cancer Prostate Cancer
23%
Atlantic to Pacific Panama Canal
15%
Started by JFK Peace Corps
15%
The Actual Name of the Keystone State Pennsylvania Commonwealth
15%
Listen to a Message if You Miss It Phone Call
15%
Flag Football has Very Little of This Physical Contact
15%
Something Mozart May Have Written Piano Concerto
15%
Dinner Entree, Mainly Meat Pork Chop
15%
Business Legal Entity Professional Corporation
15%
Bill Murray in Groundhog Day Phil Connors
8%
Arizona Hockey Team's Former Name Phoenix Coyotes
8%
Not Pokemon Stadium Pokemon Coliseum
8%
Where Eeyore's House Is (According to Piglet's Big Movie) Pooh Corner
8%
Mail From a Faraway Place Post Card
8%
Provides Electricity Power Cord
8%
Denomination of Christianity Presbyterian Church
8%
High School Seniors Want to be On It Prom Court
8%
A DCI Drum Corps Pacific Crest
0%
Los Angeles Suburb Pasadena, California
0%
"I Fall to Pieces" Patsy Cline
0%
A Spot in Field Hockey Penalty Corner
0%
Arlington, Virginia Community Pentagon City
0%
Mariokart: Mario, Luigi, Peach, Bowser, Yoshi, Wario, etc. Playable Character
0%
Type of Computer Adventure Game Point & Click
0%
A Walt Disney World Hotel Pop Century
0%
Central European Capital City (Ignore the R word at the end) Prague, Czech Republic
0%
The ________ _____ of the Tunguska Event was a meteor. Probable Cause
0%
You Don't See Many of These On the Road Today Purple Car
0%
Meijer's Brand of Ice Cream Purple Cow
0%
Long-Running Legal Drama The People's Court
0%
No matching quizzes found
Score Distribution
Percent of People with Each Score
Percentile by Number Answered
Your Score History
You have not taken this quiz since the last reset